If the world were a village : (Record no. 6334)

MARC details
000 -LEADER
fixed length control field 02358cam a2200613 i 4500
001 - CONTROL NUMBER
control field 6334
003 - CONTROL NUMBER IDENTIFIER
control field FISKH
005 - DATE AND TIME OF LATEST TRANSACTION
control field 20260323152620.0
008 - FIXED-LENGTH DATA ELEMENTS--GENERAL INFORMATION
fixed length control field 230425t20112011onca j b 000 0 eng
010 ## - LIBRARY OF CONGRESS CONTROL NUMBER
LC control number 2023287367
015 ## - NATIONAL BIBLIOGRAPHY NUMBER
National bibliography number 20109032160
Source can
016 ## - NATIONAL BIBLIOGRAPHIC AGENCY CONTROL NUMBER
Record control number (AMICUS)000038024080
020 ## - INTERNATIONAL STANDARD BOOK NUMBER
International Standard Book Number 9781554535958
Qualifying information (hardback :
-- alk. paper)
020 ## - INTERNATIONAL STANDARD BOOK NUMBER
International Standard Book Number 9780545512206
020 ## - INTERNATIONAL STANDARD BOOK NUMBER
International Standard Book Number 1554535956
Qualifying information (hardback :
-- alk. paper)
035 ## - SYSTEM CONTROL NUMBER
System control number (OCoLC)ocn637439548
040 ## - CATALOGING SOURCE
Original cataloging agency NLC
Language of cataloging eng
Transcribing agency NLC
Modifying agency DLC
050 ## - LIBRARY OF CONGRESS CALL NUMBER
Classification number HB883 .S63
082 ## - DEWEY DECIMAL CLASSIFICATION NUMBER
Classification number 304.6
100 1# - MAIN ENTRY--PERSONAL NAME
Personal name Smith, David J.
Fuller form of name (David Julian),
Dates associated with a name 1944-
Relator term author.
245 10 - TITLE STATEMENT
Title If the world were a village :
Remainder of title a book about the world's people /
Statement of responsibility, etc. written by David J. Smith ; illustrated by Shelagh Armstrong.
250 ## - EDITION STATEMENT
Edition statement This edition published in 2011.
260 ## - PUBLICATION, DISTRIBUTION, ETC.
Place of publication, distribution, etc. New York :
Name of publisher, distributor, etc. Scholastic,
Date of publication, distribution, etc. 2002.
300 ## - PHYSICAL DESCRIPTION
Extent 32 pages :
Other physical details color illustrations ;
Dimensions 28 cm
336 ## - CONTENT TYPE
Content type term text
Content type code txt
Source rdacontent
337 ## - MEDIA TYPE
Media type term unmediated
Media type code n
Source rdamedia
338 ## - CARRIER TYPE
Carrier type term volume
Carrier type code nc
Source rdacarrier
500 ## - GENERAL NOTE
General note "Originally published in 2002"--T.p. verso.
504 ## - BIBLIOGRAPHY, ETC. NOTE
Bibliography, etc. note Includes bibliographical references.
505 ## - FORMATTED CONTENTS NOTE
Formatted contents note R<br/>
520 ## - SUMMARY, ETC.
Summary, etc. Comparing the world population to a village of 100 persons, the author reveals such facts as the languages of the village, how much each earns, if the person is literate, has a television and has enough to eat.
521 8# - TARGET AUDIENCE NOTE
Target audience note 710<br/>
Source Lexile<br/>
521 8# - TARGET AUDIENCE NOTE
Target audience note R<br/>
Source Raz-Plus<br/>
650 #0 - SUBJECT ADDED ENTRY--TOPICAL TERM
Topical term or geographic name entry element Population
Form subdivision Juvenile literature.
650 #0 - SUBJECT ADDED ENTRY--TOPICAL TERM
Topical term or geographic name entry element Human geography
Form subdivision Juvenile literature.
650 #1 - SUBJECT ADDED ENTRY--TOPICAL TERM
Topical term or geographic name entry element Population.
650 #1 - SUBJECT ADDED ENTRY--TOPICAL TERM
Topical term or geographic name entry element Human geography.
650 #6 - SUBJECT ADDED ENTRY--TOPICAL TERM
Topical term or geographic name entry element Population
Form subdivision Ouvrages pour la jeunesse.
650 #6 - SUBJECT ADDED ENTRY--TOPICAL TERM
Topical term or geographic name entry element Géographie humaine
Form subdivision Ouvrages pour la jeunesse.
650 #7 - SUBJECT ADDED ENTRY--TOPICAL TERM
Topical term or geographic name entry element JUVENILE NONFICTION
General subdivision People & Places
-- Other.
Source of heading or term bisacsh
650 #7 - SUBJECT ADDED ENTRY--TOPICAL TERM
Topical term or geographic name entry element Human geography.
Source of heading or term fast
Authority record control number or standard number (OCoLC)fst00963107
650 #7 - SUBJECT ADDED ENTRY--TOPICAL TERM
Topical term or geographic name entry element Population.
Source of heading or term fast
Authority record control number or standard number (OCoLC)fst01071476
650 #7 - SUBJECT ADDED ENTRY--TOPICAL TERM
Topical term or geographic name entry element Population.
Source of heading or term sears
650 #7 - SUBJECT ADDED ENTRY--TOPICAL TERM
Topical term or geographic name entry element Human geography.
Source of heading or term sears
655 #0 - INDEX TERM--GENRE/FORM
Genre/form data or focus term Picture book for children.
655 #4 - INDEX TERM--GENRE/FORM
Genre/form data or focus term Juvenile books.
655 #7 - INDEX TERM--GENRE/FORM
Genre/form data or focus term Literature.
Source of term fast
Authority record control number or standard number (OCoLC)fst01921716
655 #7 - INDEX TERM--GENRE/FORM
Genre/form data or focus term Juvenile works.
Source of term fast
Authority record control number or standard number (OCoLC)fst01411637
655 #7 - INDEX TERM--GENRE/FORM
Genre/form data or focus term Literature.
Source of term lcgft
700 1# - ADDED ENTRY--PERSONAL NAME
Personal name Armstrong, Shelagh,
Dates associated with a name 1961-
Relator term illustrator.
906 ## - LOCAL DATA ELEMENT F, LDF (RLIN)
a 7
b cbc
c copycat
d 2
e ncip
f 20
g y-gencatlg
942 ## - ADDED ENTRY ELEMENTS (KOHA)
Source of classification or shelving scheme Dewey Decimal Classification
Koha item type Books
Suppress in OPAC No
Holdings
Withdrawn status Lost status Source of classification or shelving scheme Damaged status Not for loan Collection Home library Current library Shelving location Date acquired Total Checkouts Full call number Barcode Date last seen Copy number Price effective from Koha item type
    Dewey Decimal Classification     Juvenile Fiction Footprints International School Library Network Toul Kork Campus Footprints International School Library Network Toul Kork Campus TK Primary Library Room(4th Floor), Bookcase 5&6, Shelves 33-56, Orange Books 04/22/2025   SMI 304.6 HB883 .S63 FISTK04812 04/22/2025 1 04/22/2025 Books
    Dewey Decimal Classification     Juvenile Fiction Footprints International School Library Network Toul Tom Poung Campus Footprints International School Library Network Toul Tom Poung Campus TTP Primary Orange Bookshelves 08/28/2025   SMI 304.6 HB883 .S63 FISSE01168 08/28/2025 2 08/28/2025 Books
    Dewey Decimal Classification     Juvenile Fiction Footprints International School Library Network Toul Tom Poung Campus Footprints International School Library Network Toul Tom Poung Campus TTP Primary Orange Bookshelves 03/23/2026   SMI 304.6 HB883 .S63 FISBK06120 03/23/2026 3 03/23/2026 Books